=LDR 00000nam 2200000 4500 =001 INLIS000000000007387 =005 20200416083157 =035 ##$$a 0010-061300000007387 =008 200416################g##########0#ind## =041 ##$$a Ind =082 ##$$a 2x1 =090 ##$$a 2x1, Tan u =100 ##$$a Tanthowi, Jawahir =245 1#$$a Unsur-unsur manajemen menurut ajaran Al-Qur'an, /$c Jawahir Thathowi =260 ##$$a Jakarta :$b Pustaka Al Huda,$c 1983 =300 ##$$a 132 hlm. ; $c 21 x 14 cm. =650 #4$$a Al-Qur'an-Manajemen =084 ##$$a 2x1 TAN u =250 ##$$a cet. 1 =990 ##$$a 102.830/Pro-96